[Event "ESP-ch Rapid 2018"]
[Site "Linares"]
[Date "2018.08.19"]
[Round "5"]
[White "Espinosa Aranda, Angel"]
[Black "Santos Ruiz, Miguel"]
[Result "0-1"]
[WhiteElo "2451"]
[BlackElo "2517"]
[Annotator "TA"]
[PlyCount "66"]
[EventDate "2018.08.19"]
[EventType "team-tourn"]
[EventCountry "ESP"]
[SourceTitle "playchess.com"]
[Source "ChessBase"]
[SourceQuality "1"]

{[%evp 13,66,-9,-14,-60,-64,-66,-68,-49,-65,-16,-12,-141,-29,-145,-53,-90,-29,-33,-18,-16,0,0,14,0,10,0,10,9,5,0,16,-4,-20,0,0,-20,34,35,14,-14,13,0,0,-17,0,-16,-14,-303,-331,-360,-331,-308,-295,-1174,-1129]} 1. e4 c5 2. Nf3 d6 3. Nc3 Nf6 4. e5 dxe5 5. Nxe5 a6 6. g3 {B50: Sicilian: 2...d6, Miscellaneous} Qd6 (6... Qc7 7. d4 cxd4 8. Qxd4 Nc6 9. Nxc6 Qxc6 10. Bg5 e6 11. Bxf6 gxf6 12. Qxf6 Rg8 13. O-O-O Be7 {½-½ (98) Artemiev,V (2691)-Mamedov,R (2709) Huaian 2017}) 7. Qe2 Nc6 {LiveBook: 3 Games} 8. Nc4 $146 {The position is equal.} ({Predecessor:} 8. Nxc6 Qxc6 9. Rg1 Bg4 10. Bg2 Qxg2 11. Rxg2 Bxe2 12. Kxe2 O-O-O 13. a4 Nd5 {0-1 (41) Karthik,V (2514)-Tomczak,J (2600) Suwalki 2018}) 8... Qc7 {aiming for ...Nd4.} 9. Bg2 Nd4 10. Qd1 $1 Bg4 11. f3 Be6 12. Ne3 {[#]} (12. d3 $11) 12... g6 (12... h5 $1 $17 13. f4 h4) 13. O-O {[#]} (13. d3 $11 {remains equal.}) 13... Bg7 ({Black should try} 13... h5 $1 $17 14. Ne4 h4) 14. d3 O-O (14... h5 $17 15. Nc4 h4) 15. Ne4 $11 Rfd8 16. c3 Nb5 17. Qe2 Rac8 18. Nc4 (18. Ng5 {is interesting.} Bd7 19. Nc4 Re8 20. Ne5 Nd6 21. f4) 18... Nxe4 19. dxe4 Nd6 20. Ne3 b5 21. f4 Nc4 22. Nd5 Bxd5 23. exd5 Qd7 {[#]} 24. a4 $1 {[%mdl 512]} Nb6 (24... Nd6 $11) (24... bxa4 25. Qxc4) 25. axb5 $14 axb5 {[%cal Ba6b5,Bb5b4,Bb4c3][%mdl 32]} 26. Ra5 c4 27. Rd1 Na4 28. Be3 b4 29. Ra7 Qb5 30. Bd4 $2 {[%mdl 8192]} (30. d6 $11 exd6 31. Bd5) 30... Bxd4+ $19 31. Rxd4 bxc3 32. Qxe7 Rf8 33. Rb7 $2 {[#]} (33. bxc3 Nxc3 34. Rb7 Ne2+ 35. Kf2) 33... Qxb7 $1 {[%mdl 512] Precision: White = 24%, Black = 44%.} 0-1

[Event "ESP-ch Rapid 2018"]
[Site "Linares"]
[Date "2018.08.19"]
[Round "5"]
[White "Huerga Leache, Mikel"]
[Black "Anton Guijarro, David"]
[Result "0-1"]
[WhiteElo "2451"]
[BlackElo "2652"]
[Annotator "TA"]
[PlyCount "114"]
[EventDate "2018.08.19"]
[EventType "team-tourn"]
[EventCountry "ESP"]
[SourceTitle "playchess.com"]
[Source "ChessBase"]
[SourceQuality "1"]

{[%evp 11,114,51,54,29,56,50,48,67,73,61,65,32,79,5,47,42,42,48,44,38,87,58,60,13,44,-19,67,67,71,-44,-34,-45,-47,-30,-47,-58,0,0,0,0,0,0,0,0,0,-53,-33,-77,-86,-95,-77,-73,-83,-97,-21,-151,-149,-162,-136,-136,-152,-279,-266,-281,-266,-672,-666,-651,-660,-668,-666,-633,-624,-612,-589,-500,-474,-467,-461,-1180,-1024,-6243,-6147,-2041,-1972,-10100,-8120,-6564,-6743,-5597,-3124,-2025,-1089,-29973,-29973,-29973,-29972,-29972,-29973,-29973,-29974,-29976,-29977,-29974,-29976]} 1. Nf3 {Finkel,A} Nf6 2. d4 d6 3. g3 Nc6 4. Bg2 e5 5. dxe5 dxe5 6. Qxd8+ Kxd8 7. Bg5 $146 {A45: Trompowsky Attack} ({Predecessor:} 7. O-O Bf5 8. c4 Bxb1 9. Rxb1 a5 10. a3 Nd7 11. Be3 f6 12. Rfd1 Ke8 13. Rd5 Rd8 14. Rbd1 Ndb8 {1-0 (44) Zvjaginsev,V (2641)-Varavin,V (2410) Samara 2000 CBM 078 [Finkel,A]}) 7... Bd6 8. Nc3 Be6 9. O-O-O {White is slightly better.} Ke8 10. Nb5 Ke7 11. Kb1 h6 12. Bc1 (12. Bxf6+ $16 gxf6 13. Nxd6 cxd6 14. e4) 12... Ng4 13. Rhf1 Rad8 14. h3 Nf6 15. b3 Rd7 16. Nxd6 cxd6 17. Ba3 Rc8 18. g4 (18. Ne1 $14) 18... a5 (18... Nd5 $11) 19. Ne1 $14 Nd4 {[#]} 20. Rd2 (20. f4 $1 $16 {[%cal Rf4e5]} Nxe2 {[#]} 21. Rxd6 $1 {[%mdl 512]} (21. fxe5 Nc3+ 22. Kc1 Ne8 $14) 21... Nxf4 22. Rxd7+ Kxd7 23. Bxb7) 20... Nb5 $15 21. Bb2 Nc3+ 22. Bxc3 Rxc3 23. Kb2 Rc8 ({Black should play} 23... Rdc7 $15) 24. f4 $11 exf4 25. Rxf4 g5 26. Ra4 b6 27. Nf3 Rc5 28. Nd4 ({White should try} 28. Ne1 $11) 28... Rdc7 $15 29. e4 Bd7 30. Nf5+ Rxf5 $1 31. exf5 Bxa4 32. bxa4 $17 {[%mdl 4096] Endgame KRB-KRN} Rc4 (32... Rc5 $17) 33. Bf1 (33. Rd3 $1 $11 {remains equal.}) 33... Rb4+ 34. Ka3 Ne4 35. Rd3 d5 36. Rb3 (36. c4 $17 {might work better.}) 36... Rxb3+ $19 37. axb3 {KB-KN} Kd6 38. c4 $2 (38. Ba6 Ke5 39. b4) 38... Nd2 39. Be2 dxc4 40. Kb2 cxb3 41. Kc3 Ne4+ 42. Kxb3 Kc5 43. Bd3 Nd6 44. Kc3 f6 45. Bc2 (45. Bf1 $142 Ne8 46. Bd3) 45... b5 46. axb5 Nxb5+ 47. Kd3 Nc7 48. Bd1 Nd5 49. Ba4 Nf4+ 50. Ke4 Nxh3 51. Be8 Nf4 52. Bd7 Kb4 {Black mates.} 53. Kd4 a4 {[%cal Ba5a4,Ba4a3][%mdl 32]} 54. Be6 h5 55. gxh5 Nxh5 56. Kd5 a3 57. Kd4 Ng7 {Precision: White = 29%, Black = 63%.} 0-1

[Event "ESP-ch Rapid 2018"]
[Site "Linares"]
[Date "2018.08.19"]
[Round "5"]
[White "Cruz Lledo, Pablo"]
[Black "Ljubojevic, Ljubomir"]
[Result "1-0"]
[WhiteElo "2432"]
[BlackElo "2571"]
[Annotator "TA"]
[PlyCount "95"]
[EventDate "2018.08.19"]
[EventType "team-tourn"]
[EventCountry "ESP"]
[SourceTitle "playchess.com"]
[Source "ChessBase"]
[SourceQuality "1"]

{[%evp 17,95,-12,12,-31,22,29,43,40,45,38,43,32,49,62,62,38,72,77,83,75,110,101,147,108,113,79,79,70,103,90,112,100,127,89,86,85,101,74,194,160,725,723,714,714,719,724,728,725,958,956,933,920,929,917,844,609,608,608,589,573,637,635,633,601,628,623,703,658,1041,1023,29979,29980,29980,29981,29981,29982,29985,29986,29986,29987]} 1. d4 Nf6 2. c4 e6 3. Nc3 Bb4 4. e3 O-O 5. Bd3 d5 6. cxd5 exd5 7. Nge2 Re8 8. O-O Bd6 9. Ng3 {E48: Nimzoindisch (Moderne Variante)} (9. Bd2 Nbd7 10. Rc1 a6 11. Ng3 Nf8 12. Nf5 Bxf5 13. Bxf5 c6 14. f3 Ne6 15. Be1 c5 16. Kh1 cxd4 17. exd4 {½-½ (52) Navara,D (2739)-Kryvoruchko,Y (2714) Chartres 2017}) 9... c5 {LiveBook: 3 Partien} 10. Nb5 $146 ({Vorgänger:} 10. dxc5 Bxc5 11. b3 Nc6 12. Bb2 g6 13. Be2 Bf8 14. Bf3 Be6 15. Nce2 Bg7 16. Nf4 Qa5 {1-0 (35) Supi,L (2479)-Mekhitarian,K (2570) Sao Paulo 2016}) 10... Bf8 (10... Bxg3 $15 11. hxg3 c4) 11. dxc5 $11 {Die Stellung ist ausgeglichen.} Nc6 12. Nd6 Bxd6 13. cxd6 Qxd6 14. b3 Bg4 15. Qd2 Rad8 16. f3 Bc8 17. Bb2 Qb4 18. Qf2 Ne5 19. Rad1 Qa5 20. a3 Qb6 21. b4 Bd7 22. Bd4 Qc7 23. Rfe1 Qd6 24. Bb1 Qa6 25. Bb2 Ba4 26. Rc1 Bb5 27. Nf5 {Droht Sxg7! und aus.} Bd3 {[#]} (27... Nd3 $16 {war angesagt.} 28. Qg3 Nh5) 28. Nxg7 $1 $18 {[%mdl 512]} Nfg4 $2 (28... Kxg7 $16 29. Bxe5 Bxb1) 29. Qg3 Kxg7 30. Qxg4+ Kf8 31. Bxe5 Rxe5 32. Qd4 Bxb1 33. Qxe5 Bg6 34. Qh8+ Ke7 35. Rc7+ Rd7 36. Qe5+ Qe6 37. Rxd7+ Kxd7 38. Qxe6+ fxe6 {[%mdl 4096] Endspiel KT-KL} 39. Rc1 Bd3 40. Kf2 Bc4 41. e4 Kc6 42. Ke3 Kb5 43. Kd4 Ka4 44. Rxc4 {Weiß setzt Matt.} dxc4 45. Kxc4 Kxa3 46. f4 {[%cal Bf3f4,Bf4f5][%mdl 32]} Ka4 47. f5 b5+ 48. Kc3 {Precision: Weiß = 77%, Schwarz = 10%.} 1-0

[Event "ESP-ch Rapid 2018"]
[Site "Linares"]
[Date "2018.08.19"]
[Round "5"]
[White "Llobell Cortell, Enrique"]
[Black "Jimenez Martinez, Jose Vicente"]
[Result "0-1"]
[WhiteElo "2411"]
[BlackElo "2243"]
[Annotator "TA"]
[PlyCount "112"]
[EventDate "2018.08.19"]
[EventType "team-tourn"]
[EventCountry "ESP"]
[SourceTitle "playchess.com"]
[Source "ChessBase"]
[SourceQuality "1"]

{[%evp 20,112,33,27,109,87,131,53,96,81,90,55,50,50,87,62,79,21,0,-24,9,-35,-16,-24,-13,-28,-30,-86,-88,-84,-26,-94,-80,-96,-103,-149,-153,-188,-182,-184,-154,-240,-243,-246,-216,-281,-275,-296,-297,-335,-258,-259,-259,-254,-245,-225,-133,-120,519,0,0,0,0,0,0,-64,0,-250,-239,-332,-315,-355,-300,-490,-485,-654,-660,-612,-605,-585,-559,-974,-979,-1512,-1418,-1414,-1263,-1624,-1598,-1645,-1448,-29979,-29980,-29976,-29972]} 1. e4 d6 2. d4 g6 3. Nc3 Bg7 4. f4 Nf6 5. Nf3 c5 6. Bb5+ Bd7 7. e5 Ng4 8. Bxd7+ Qxd7 9. h3 {B09: Pirc Defence: Austrian Attack} (9. d5 dxe5 10. h3 e4 11. Nxe4 Nf6 12. Nxf6+ Bxf6 13. O-O O-O 14. c4 e6 15. Be3 exd5 16. cxd5 Rd8 17. Qc2 Na6 18. Rad1 Nb4 19. Qxc5 Nxd5 20. Bd4 Rac8 21. Qa3 Qf5 22. Bxf6 Qxf6 23. Qxa7 Nxf4 24. Rxd8+ Rxd8 {½-½ (51) Mamedov,R (2704)-Carlsen,M (2843) Shamkir 2018}) 9... cxd4 10. Qxd4 Nc6 11. Qe4 {LiveBook: 13 Games. White is slightly better.} f5 (11... Nh6 $11 {keeps the balance.}) 12. Qc4 $16 Nh6 13. e6 (13. Be3 $16) 13... Qd8 14. Be3 O-O 15. O-O Rc8 16. Nd5 Kh8 17. Qd3 $146 Qa5 18. c3 (18. Bd2 $16 Qa6 19. c4) 18... Ng8 $1 $11 19. b4 Qa3 {Threatening ...Nxb4!} 20. Rfb1 Nf6 {And now ...Nxd5 would win.} 21. Rb3 Qa4 22. Nxf6 Bxf6 23. Nd4 (23. Bf2 $11 {remains equal.}) 23... Nxd4 $17 24. Bxd4 Qc6 (24... Rc7 $17) 25. Re1 (25. Bxa7 $11 Qe4 26. Qxe4 fxe4 27. Bf2) 25... Qc4 26. Qxc4 Rxc4 27. Bxa7 Ra8 ({Don't play} 27... Rxc3 $6 28. Rxc3 Bxc3 29. Rc1 $15) 28. Bd4 Bxd4+ 29. cxd4 Rxd4 $19 {[%mdl 4096] Endgame KRR-KRR} 30. Re2 (30. Rb2 $17) 30... Rxf4 31. a3 Rc4 32. Kh2 Kg7 33. Rf3 Rac8 34. Rb2 Re4 35. a4 Rxe6 36. a5 Re4 37. Ra3 Rcc4 (37... Rec4 $19 38. b5 Rb8) 38. b5 $17 {[#]} Ra4 $2 {[%mdl 8192] [#]} (38... Rc8 $1 $17 {stays on course.} 39. a6 Rec4) 39. Rxa4 $2 (39. a6 $1 $18) 39... Rxa4 $18 {[#] KR-KR} 40. a6 $1 {[%cal Ra6b7][%mdl 512]} b6 (40... bxa6 41. b6) 41. Rc2 {Hoping for Rc6.} Ra5 42. Rc7 (42. Rc8 $1 $11) 42... Kf6 (42... Rxb5 $15 43. Rxe7+ Kf6) 43. a7 $2 (43. Rc8 $1 $11 {and White stays safe.}) 43... h6 $19 44. h4 e5 {[%cal Be7e5,Be5e4][%mdl 32]} 45. Rc6 Ke6 ({Less strong is} 45... Rxa7 46. Rxd6+ Kf7 47. Rxb6 $17) 46. Rc7 $2 (46. Rxb6 {was necessary.} Rxa7 47. Rb8) 46... f4 47. Kg1 e4 48. Kf2 Ra2+ 49. Ke1 Kd5 50. Rc6 Rxa7 51. Rxb6 Ra2 52. Kf1 Rb2 53. Rb8 Kd4 54. b6 d5 {[%cal Bd6d5,Bd5d4][%mdl 32]} 55. b7 Ke3 {[%cal Rb2b1]} 56. Kg1 d4 {Precision: White = 26%, Black = 56%.} 0-1

[Event "ESP-ch Rapid 2018"]
[Site "Linares"]
[Date "2018.08.19"]
[Round "5"]
[White "Merario Alarcon, Andres"]
[Black "Cabrera Ruiz, Luis"]
[Result "1-0"]
[WhiteElo "2406"]
[BlackElo "2122"]
[Annotator "NA"]
[PlyCount "99"]
[EventDate "2018.08.19"]
[EventType "team-tourn"]
[EventCountry "ESP"]
[SourceTitle "playchess.com"]
[Source "ChessBase"]
[SourceQuality "1"]
[TimeControl "900+5"]

1. e3 {[%emt 0:00:05]} f5 {[%emt 0:00:23]} 2. Nf3 {[%emt 0:00:44]} Nf6 {[%emt 0:00:08]} 3. d4 {[%emt 0:00:02]} g6 {[%emt 0:00:09]} 4. c4 {[%emt 0:00:05]} Bg7 {[%emt 0:00:06]} 5. Be2 {[%emt 0:00:06]} O-O {[%emt 0:00:06]} 6. O-O {[%emt 0:00:04]} d6 {[%emt 0:00:04]} 7. b4 {[%emt 0:00:41]} c5 {[%emt 0:02:34]} 8. a3 {[%emt 0:00:57]} Ne4 {[%emt 0:00:20]} 9. Bb2 {[%emt 0:00:19]} Nd7 {[%emt 0:01:11]} 10. Qc2 {[%emt 0:00:19]} b6 {[%emt 0:00:45]} 11. dxc5 {[%emt 0:00:07]} bxc5 {[%emt 0:00:08]} 12. Bxg7 {[%emt 0:00:03]} Kxg7 {[%emt 0:00:02]} 13. b5 {[%emt 0:00:17]} e6 {[%emt 0:00:55]} 14. Nc3 {[%emt 0:00:16]} Ndf6 {[%emt 0:00:07]} 15. Rfd1 {[%emt 0:00:44]} Qa5 {[%emt 0:01:00]} 16. Nxe4 {[%emt 0:00:15]} Nxe4 {[%emt 0:00:03]} 17. Nd2 {[%emt 0:01:20]} Nf6 {[%emt 0:00:11]} 18. Nb3 {[%emt 0:00:14]} Qc7 {[%emt 0:00:02]} 19. Bf3 {[%emt 0:00:07]} Rb8 {[%emt 0:00:01]} 20. Rd3 {[%emt 0:00:13]} Bb7 {[%emt 0:00:21]} 21. Bxb7 {[%emt 0:00:02]} Rxb7 {[%emt 0:00:02]} 22. Rad1 {[%emt 0:00:02]} Rd8 {[%emt 0:00:14]} 23. Qc3 {[%emt 0:00:21]} Kf7 {[%emt 0:00:47]} 24. Na5 {[%emt 0:00:09]} Rb6 {[%emt 0:01:02]} 25. Nc6 {[%emt 0:00:03]} Rxc6 {[%emt 0:01:03]} 26. bxc6 {[%emt 0:00:03]} Qxc6 {[%emt 0:00:01]} 27. f3 {[%emt 0:00:08]} g5 {[%emt 0:00:08]} 28. Qa5 {[%emt 0:00:43]} Rd7 {[%emt 0:00:11]} 29. a4 {[%emt 0:01:11]} g4 {[%emt 0:00:06]} 30. Qb5 {[%emt 0:00:02]} Qxb5 {[%emt 0:01:20]} 31. axb5 {[%emt 0:00:01]} d5 {[%emt 0:00:01]} 32. Ra1 {[%emt 0:00:34]} Kg6 {[%emt 0:00:16]} 33. Rda3 {[%emt 0:01:57]} dxc4 {[%emt 0:00:06]} 34. Rxa7 {[%emt 0:00:02]} Rd2 {[%emt 0:00:01]} 35. R7a2 {[%emt 0:00:19]} Rd3 {[%emt 0:00:08]} 36. Rb1 {[%emt 0:01:03]} Rb3 {[%emt 0:00:17]} 37. Rab2 {[%emt 0:00:13]} Nd5 {[%emt 0:00:42]} 38. Rxb3 {[%emt 0:00:23]} cxb3 {[%emt 0:00:02]} 39. Rxb3 {[%emt 0:00:01]} c4 {[%emt 0:00:01]} 40. Rb1 {[%emt 0:00:16]} Nb6 {[%emt 0:00:13]} 41. Kf1 {[%emt 0:00:23]} gxf3 {[%emt 0:00:05]} 42. gxf3 {[%emt 0:00:01]} Kf6 {[%emt 0:00:01]} 43. Ra1 {[%emt 0:00:47]} Ke5 {[%emt 0:00:12]} 44. Ra6 {[%emt 0:00:36]} Nd5 {[%emt 0:00:09]} 45. Kf2 {[%emt 0:00:15]} Nb4 {[%emt 0:00:22]} 46. Ra4 {[%emt 0:00:22]} Nd3+ {[%emt 0:00:04]} 47. Ke2 {[%emt 0:00:05]} Kd5 {[%emt 0:00:01]} 48. b6 {[%emt 0:00:12]} Nc5 {[%emt 0:00:44]} 49. Ra5 {[%emt 0:00:02]} Kc6 {[%emt 0:00:01]} 50. Rxc5+ {[%emt 0:00:11] Kd5} 1-0

[Event "ESP-ch Rapid 2018"]
[Site "Linares"]
[Date "2018.08.19"]
[Round "5"]
[White "Fernandez Garcia, Jose Miguel"]
[Black "Arizmendi Martinez, Julen Luis"]
[Result "0-1"]
[WhiteElo "2404"]
[BlackElo "2507"]
[Annotator "TA"]
[PlyCount "72"]
[EventDate "2018.08.19"]
[EventType "team-tourn"]
[EventCountry "ESP"]
[SourceTitle "playchess.com"]
[Source "ChessBase"]
[SourceQuality "1"]

{[%evp 18,72,-18,-13,228,231,290,-40,-44,-60,64,-62,115,121,210,-166,199,0,14,0,145,92,193,51,62,55,79,-52,-47,-17,0,0,0,-7,-10,-97,-100,-64,109,125,263,255,242,0,14,-232,-218,-216,-230,-225,-211,-29987,-29987,-29987,-29988,-29996,-29997]} 1. e4 e6 2. d4 d5 3. Nc3 Bb4 4. e5 Ne7 5. Qg4 c5 6. dxc5 Nbc6 7. Bd2 O-O 8. Nf3 Bxc5 9. Bd3 Ng6 10. Qh5 {LiveBook: 14 Games. C17: French: 3 Nc3 Bb4 4 e5 c5 sidelines} f6 $146 (10... Nb4 $11) ({Predecessor:} 10... Nb4 11. O-O Nxd3 12. cxd3 f6 13. d4 Be7 14. exf6 gxf6 15. Ne2 Kh8 16. Nf4 Qe8 17. Nd3 Bd7 {0-1 (54) Velikanov,A (2324)-Checa,N (2419) Las Vegas 2015}) 11. exf6 $1 $18 (11. Bxg6 hxg6 12. Qxg6 Nxe5 $15) 11... Qxf6 12. Ng5 $2 ({White should try} 12. Bg5 $18 Qf7 13. Be3) 12... h6 $15 13. Bxg6 {Threatens to win with f4.} Qxf2+ 14. Kd1 {Black must now prevent Re1.} e5 $2 (14... Ne5 $1 $15 {stays ahead.} 15. Bh7+ (15. Nxe6 Qxg2 16. Qxe5 Qxh1+ 17. Be1 Bxe6 $15) 15... Kh8) 15. Re1 $16 Qxg2 (15... Be7 $16) 16. Kc1 $4 {[%mdl 8192]} (16. Bf7+ $18 {was the only winning move.} Kh8 17. h3) 16... Ne7 $4 {[%mdl 8192]} (16... Bg4 $19 {and life is good for Black.} 17. Bf7+ Kh8) 17. Bh7+ $2 (17. Bf7+ $18 Kh8 18. h3) 17... Kh8 $11 18. Bd3 e4 {[#]} (18... Kg8 $1 $11 19. Nh7 (19. Rxe5 $2 Bg4 $19) 19... Rf7) 19. Ngxe4 (19. Ncxe4 $142 $1 {[%mdl 512]} dxe4 20. Nxe4) 19... dxe4 (19... Bg4 $16 {might work better.} 20. Qe5 dxe4 21. Qxe4 (21. Qxc5 exd3 22. Qxe7 dxc2 $11) (21. Bxe4 Qf2 $15) 21... Qxe4 22. Nxe4 Bb6) 20. Qxc5 (20. Bxe4 $18 Qf2 21. Nd1) 20... exd3 $14 21. Qxe7 Bf5 22. cxd3 (22. Nd1 $16) 22... Bxd3 $15 23. Qe3 Bh7 24. Qg3 Qc6 $1 25. Rg1 {[%csl Gg1][%cal Rg3g7]} Rf7 26. Qg2 (26. Bf4 $11 {remains equal.}) 26... Qf6 $40 {[%mdl 1152] Black has strong compensation. Black attacks with force.} 27. b3 Qf5 $2 (27... Rd8 $15 {keeps the upper hand.} 28. Kb2 Qd4) 28. Kb2 $16 {Be3 is the strong threat.} Qc2+ (28... Rd8 $16 29. Rad1 Qf2) 29. Ka3 $18 Rd8 {[#]} 30. Rad1 $2 (30. Be1 $1 $18) 30... Rd6 31. Na4 $2 (31. Be3 $1 $11 {and White has nothing to worry.} Qxc3 32. Rxd6 Qxe3 33. Qg3 (33. Rd8+ Bg8 $16)) 31... b5 $19 {[%cal Bb7b5,Bb5a4,Ba4b3][%mdl 32]} ({Much less strong is} 31... Rfd7 32. h4 $17) 32. Rc1 Qxd2 {[%csl Gd2][%cal Rb5b4]} 33. Rc8+ Bg8 {[%csl Gd2][%cal Rb5b4]} 34. Nc5 $2 (34. Qxd2 $19 Rxd2 35. Nc3) 34... Qa5+ {Black mates.} 35. Na4 bxa4 36. Qa8 axb3+ {Precision: White = 35%, Black = 35%.} 0-1

[Event "ESP-ch Rapid 2018"]
[Site "Linares"]
[Date "2018.08.19"]
[Round "5"]
[White "Camacho Collados, Marcos"]
[Black "Sanjuan Garcia, Miguel"]
[Result "1-0"]
[WhiteElo "2393"]
[BlackElo "2115"]
[Annotator "NA"]
[PlyCount "41"]
[EventDate "2018.08.19"]
[EventType "team-tourn"]
[EventCountry "ESP"]
[SourceTitle "playchess.com"]
[Source "ChessBase"]
[SourceQuality "1"]
[TimeControl "900+5"]

1. d4 {[%emt 0:00:00]} Nf6 {[%emt 0:00:00]} 2. Nf3 {[%emt 0:00:00]} g6 {[%emt 0:00:01]} 3. Bg5 {[%emt 0:00:04]} Bg7 {[%emt 0:00:01]} 4. Nbd2 {[%emt 0:00:01]} d5 {[%emt 0:00:03]} 5. e3 {[%emt 0:00:02]} O-O {[%emt 0:00:03]} 6. Bd3 {[%emt 0:00:01]} c5 {[%emt 0:00:02]} 7. c3 {[%emt 0:00:02]} Nc6 {[%emt 0:00:01]} 8. O-O {[%emt 0:00:08]} b6 {[%emt 0:00:01]} 9. Qe2 {[%emt 0:00:15]} Bb7 {[%emt 0:00:04]} 10. dxc5 {[%emt 0:00:19]} bxc5 {[%emt 0:00:02]} 11. e4 {[%emt 0:00:02]} e5 {[%emt 0:03:01]} 12. exd5 {[%emt 0:00:27]} Qxd5 {[%emt 0:00:02]} 13. Rfd1 {[%emt 0:01:04]} Qe6 {[%emt 0:00:35]} 14. Ne4 {[%emt 0:01:52]} Nxe4 {[%emt 0:00:10]} 15. Bxe4 {[%emt 0:00:02]} Na5 {[%emt 0:02:45]} 16. Nd2 {[%emt 0:00:28]} Rab8 {[%emt 0:01:14]} 17. Bxb7 {[%emt 0:00:06]} Rxb7 {[%emt 0:00:15]} 18. Ne4 {[%emt 0:00:04]} Qb6 {[%emt 0:02:57]} 19. Rab1 {[%emt 0:00:30]} Rc7 {[%emt 0:01:22]} 20. Bd8 {[%emt 0:00:05]} f5 {[%emt 0:00:30]} 21. Ng5 {[%emt 0:00:39]} 1-0

[Event "ESP-ch Rapid 2018"]
[Site "Linares"]
[Date "2018.08.19"]
[Round "5"]
[White "Suarez Uriel, Adrian"]
[Black "Cuevas Fernandez, Jose Alberto"]
[Result "0-1"]
[WhiteElo "2391"]
[BlackElo "2147"]
[Annotator "NA"]
[PlyCount "62"]
[EventDate "2018.08.19"]
[EventType "team-tourn"]
[EventCountry "ESP"]
[SourceTitle "playchess.com"]
[Source "ChessBase"]
[SourceQuality "1"]
[TimeControl "900+5"]

1. e4 {[%emt 0:00:00]} c5 {[%emt 0:00:00]} 2. Nf3 {[%emt 0:00:00]} e6 {[%emt 0:00:00]} 3. b3 {[%emt 0:00:00]} b6 {[%emt 0:00:02]} 4. Bb2 {[%emt 0:00:01]} Bb7 {[%emt 0:00:01]} 5. Qe2 {[%emt 0:00:01]} Nc6 {[%emt 0:00:08]} 6. Nc3 {[%emt 0:00:02]} a6 {[%emt 0:00:15]} 7. O-O-O {[%emt 0:00:08]} Nd4 {[%emt 0:00:16]} 8. Qe3 {[%emt 0:00:27]} Nxf3 {[%emt 0:00:18]} 9. gxf3 {[%emt 0:00:01]} Qc7 {[%emt 0:01:15]} 10. Kb1 {[%emt 0:00:27]} Nf6 {[%emt 0:00:11]} 11. Ne2 {[%emt 0:00:15]} d5 {[%emt 0:00:45]} 12. Bxf6 {[%emt 0:01:42]} gxf6 {[%emt 0:00:02]} 13. exd5 {[%emt 0:00:10]} Bxd5 {[%emt 0:00:25]} 14. Nf4 {[%emt 0:00:01]} Bb7 {[%emt 0:00:22]} 15. Nh5 {[%emt 0:02:17]} O-O-O {[%emt 0:00:33]} 16. Nxf6 {[%emt 0:00:03]} Bg7 {[%emt 0:00:21]} 17. Qg5 {[%emt 0:00:20]} Bxf6 {[%emt 0:00:59]} 18. Qxf6 {[%emt 0:00:01]} Rhg8 {[%emt 0:00:01]} 19. Bd3 {[%emt 0:00:05]} Rg2 {[%emt 0:01:02]} 20. Rhg1 {[%emt 0:00:06]} Rxf2 {[%emt 0:00:07]} 21. Rg3 {[%emt 0:00:47]} b5 {[%emt 0:01:22]} 22. Bxh7 {[%emt 0:01:48]} c4 {[%emt 0:01:14]} 23. bxc4 {[%emt 0:02:28]} Qxc4 {[%emt 0:00:19]} 24. f4 {[%emt 0:00:28]} Rxf4 {[%emt 0:01:52]} 25. Qe5 {[%emt 0:01:44]} Qc7 {[%emt 0:00:10]} 26. Rc3 {[%emt 0:00:22]} Rc4 {[%emt 0:00:02]} 27. Rxc4 {[%emt 0:00:14]} Qxc4 {[%emt 0:00:09]} 28. Bd3 {[%emt 0:01:51]} Qb4+ {[%emt 0:00:42]} 29. Ka1 {[%emt 0:00:13]} Bd5 {[%emt 0:00:40]} 30. Rf1 {[%emt 0:00:27]} Qxd2 {[%emt 0:00:37]} 31. Rxf7 {[%emt 0:00:27]} Qc1# {[%emt 0:00:03] Rf1 Qd2} 0-1